Securitization of Mortality Risk in Life Insurance

Sekuritizácia rizika úmrtnosti v životnom poistení ako moderný finančný nástroj na poistnom trhu. Rozvoj daného nástroja na slovenskom poistnom trhu. Typy cenných papierov viazaných na riziko úmrtnosti.

Gespeichert in:
Bibliographische Detailangaben
1. Verfasser: Krčová, Ingrid, 1969-
Format: Buchkapitel
Sprache:Slowakisch
Schlagworte:
Tags: Tag hinzufügen
Keine Tags, Fügen Sie das erste Tag hinzu!

MARC

LEADER 00000naa$a2200000$$$4500
001 0260532
005 20240502083744.8
041 0 |a slo 
044 |a CZ 
245 1 0 |a Securitization of Mortality Risk in Life Insurance  |c Ingrid Krčová 
520 |a Sekuritizácia rizika úmrtnosti v životnom poistení ako moderný finančný nástroj na poistnom trhu. Rozvoj daného nástroja na slovenskom poistnom trhu. Typy cenných papierov viazaných na riziko úmrtnosti. 
610 2 0 |a úmrtnosť 
610 2 0 |a riziko 
610 2 0 |a poisťovníctvo 
610 2 0 |a trh finančný 
610 2 0 |a Slovensko 
100 1 |a Krčová, Ingrid, 1969-